[Event "Abu Dhabi Festival Open"]
[Site "Abu Dhabi UAE"]
[Date "2009.08.18"]
[Round "7"]
[White "Sturua, Z."]
[Black "Ghader Pour, S."]
[Result "1/2-1/2"]
[WhiteElo "2513"]
[BlackElo "2172"]
[PlyCount "93"]
[EventDate "2009.08.12"]
[EventType "swiss"]
[EventRounds "9"]
[EventCountry "UAE"]
[Source "Mark Crowther"]
[SourceDate "2009.08.24"]

1. d4 Nf6 2. Nf3 e6 3. c4 Bb4+ 4. Nbd2 b6 5. e3 Bb7 6. Bd3 O-O 7. O-O d5 8. a3
Be7 9. cxd5 exd5 10. b4 Nbd7 11. Rb1 Bd6 12. Qc2 Qe7 13. Bb5 a5 14. Bb2 Rfc8
15. Bc3 axb4 16. axb4 Ne4 17. Nxe4 dxe4 18. Nd2 Nf6 19. Be2 Nd5 20. Qb3 Qh4 21.
g3 Qh3 22. Nc4 Nf6 23. Rfc1 Bd5 24. Bf1 Qe6 25. b5 Ra3 26. Qxa3 Bxa3 27. Nxa3
h5 28. Nc2 Bc4 29. d5 Bxd5 30. Bxf6 Qxf6 31. Nd4 g6 32. Rb2 h4 33. Rbc2 hxg3
34. hxg3 Kg7 35. Rxc7 Rxc7 36. Rxc7 Qd6 37. Rc2 Qb4 38. Rc8 Qe1 39. Kg2 Qb4 40.
Be2 Qe7 41. Rc1 Qa3 42. Rc7 Qd6 43. Rc2 Qb4 44. Nc6 Qa4 45. Nd4 Qb4 46. Nc6 Qa4
47. Nd4 1/2-1/2

[Event "Abu Dhabi Festival Open"]
[Site "Abu Dhabi UAE"]
[Date "2009.08.18"]
[Round "7"]
[White "Dargan, P."]
[Black "El Gindy, E."]
[Result "0-1"]
[WhiteElo "2141"]
[BlackElo "2501"]
[PlyCount "104"]
[EventDate "2009.08.12"]
[EventType "swiss"]
[EventRounds "9"]
[EventCountry "UAE"]
[Source "Mark Crowther"]
[SourceDate "2009.08.24"]

1. e4 c5 2. c3 d6 3. d4 Nd7 4. Nf3 e6 5. Bd3 Ne7 6. O-O Ng6 7. Qe2 Be7 8. e5
dxe5 9. dxe5 O-O 10. Re1 Ndxe5 11. Nxe5 Nxe5 12. Bxh7+ Kxh7 13. Qxe5 Kg8 14.
Nd2 b6 15. Ne4 f5 16. Ng3 Bd6 17. Qe2 Qh4 18. Qd2 Bc7 19. Qg5 Qxg5 20. Bxg5 e5
21. Rad1 Kf7 22. Nf1 Be6 23. a3 Rae8 24. h4 Bb8 25. Rd2 Kg6 26. Ne3 Kf7 27. Nd5
Rh8 28. g3 Rc8 29. c4 Rhe8 30. a4 e4 31. b3 Be5 32. Red1 Bd4 33. Ne3 a6 34.
Rxd4 cxd4 35. Rxd4 Rc6 36. Nd5 Rd6 37. Bf4 Rd7 38. g4 fxg4 39. Kg2 Red8 40. Bg5
Bxd5 41. cxd5 Rxd5 42. Rxe4 R8d6 43. Rxg4 Rd4 44. Rg3 Rd3 45. Rg4 R6d4 46. Bf4
Rxb3 47. Rxg7+ Kxg7 48. Be5+ Kg6 49. Bxd4 Kh5 50. Bf6 a5 51. Bd8 b5 52. axb5 a4
0-1

[Event "Abu Dhabi Festival Open"]
[Site "Abu Dhabi UAE"]
[Date "2009.08.18"]
[Round "7"]
[White "Galojan, L."]
[Black "Johny, P."]
[Result "1-0"]
[WhiteElo "2338"]
[BlackElo "2078"]
[PlyCount "55"]
[EventDate "2009.08.12"]
[EventType "swiss"]
[EventRounds "9"]
[EventCountry "UAE"]
[Source "Mark Crowther"]
[SourceDate "2009.08.24"]

1. d4 d5 2. c4 e6 3. Nf3 Nf6 4. Nc3 c5 5. cxd5 Nxd5 6. e4 Nxc3 7. bxc3 cxd4 8.
cxd4 Nc6 9. Be2 Bb4+ 10. Bd2 Qa5 11. Rb1 Bxd2+ 12. Qxd2 Qxd2+ 13. Kxd2 Ke7 14.
Rhc1 Rd8 15. Ke3 Na5 16. Ne5 f6 17. Nc4 Nc6 18. Rd1 b6 19. d5 Ne5 20. d6+ Ke8
21. Nxe5 fxe5 22. f4 exf4+ 23. Kxf4 Bd7 24. Ke5 Rac8 25. Rbc1 Rc5+ 26. Rxc5
bxc5 27. Rb1 Bc6 28. Kxe6 1-0

[Event "Abu Dhabi Festival Open"]
[Site "Abu Dhabi UAE"]
[Date "2009.08.18"]
[Round "7"]
[White "Pourkashiyan, A."]
[Black "Marwan, A."]
[Result "1-0"]
[WhiteElo "2304"]
[BlackElo "2055"]
[PlyCount "33"]
[EventDate "2009.08.12"]
[EventType "swiss"]
[EventRounds "9"]
[EventCountry "UAE"]
[Source "Mark Crowther"]
[SourceDate "2009.08.24"]

1. e4 c5 2. Nf3 e6 3. Nc3 a6 4. g3 b5 5. Bg2 b4 6. Na4 Bb7 7. d4 c4 8. d5 Qa5
9. b3 Nf6 10. Ne5 exd5 11. exd5 Bxd5 12. Nxc4 Bxc4 13. Bxa8 Qe5+ 14. Be3 Bb5
15. Qd4 Qh5 16. g4 Nxg4 17. Bf3 1-0

[Event "Abu Dhabi Festival Open"]
[Site "Abu Dhabi UAE"]
[Date "2009.08.18"]
[Round "7"]
[White "Mona, K."]
[Black "El Arousy, A."]
[Result "0-1"]
[WhiteElo "2094"]
[BlackElo "2295"]
[PlyCount "70"]
[EventDate "2009.08.12"]
[EventType "swiss"]
[EventRounds "9"]
[EventCountry "UAE"]
[Source "Mark Crowther"]
[SourceDate "2009.08.24"]

1. d4 Nf6 2. Nf3 d5 3. e3 c5 4. c3 cxd4 5. exd4 Nc6 6. Bd3 Bg4 7. O-O e6 8.
Nbd2 Bd6 9. Re1 Bh5 10. Qa4 O-O 11. Ne5 Bxe5 12. dxe5 Nd7 13. Qf4 Bg6 14. Bxg6
fxg6 15. Qg3 Rf5 16. f4 g5 17. Nf3 gxf4 18. Bxf4 Nc5 19. Rad1 Qe7 20. Bg5 Qc7
21. Bf6 Ne4 22. Qg4 Kh8 23. Nh4 Qb6+ 24. Rd4 Nxf6 25. exf6 Rxf6 26. b3 e5 27.
Nf5 Rg6 28. Qe2 Rf8 29. Qh5 exd4 30. Nh4 dxc3+ 31. Kh1 Re6 32. h3 Rxe1+ 33. Kh2
Qg1+ 34. Kg3 Qf2+ 35. Kh2 Qf4+ 0-1

[Event "Abu Dhabi Festival Open"]
[Site "Abu Dhabi UAE"]
[Date "2009.08.18"]
[Round "7"]
[White "Sanal, V."]
[Black "Nirmal, E."]
[Result "1-0"]
[WhiteElo "1976"]
[BlackElo "2268"]
[PlyCount "123"]
[EventDate "2009.08.12"]
[EventType "swiss"]
[EventRounds "9"]
[EventCountry "UAE"]
[Source "Mark Crowther"]
[SourceDate "2009.08.24"]

1. e4 c5 2. Nf3 d6 3. d4 cxd4 4. Nxd4 Nf6 5. Nc3 Nc6 6. Bg5 e6 7. Qd2 a6 8.
O-O-O h6 9. Nxc6 bxc6 10. Bf4 d5 11. Qe3 Qa5 12. Be2 Bb4 13. Be5 dxe4 14. Bxf6
gxf6 15. Qxe4 Ke7 16. Qxc6 Ra7 17. Rd5 Rc7 18. Rxa5 Rxc6 19. Ra4 Bxc3 20. bxc3
Rxc3 21. Kb2 Rc5 22. Rd1 Bb7 23. g3 a5 24. Rc4 Rhc8 25. Rxc5 Rxc5 26. c4 e5 27.
Kc3 Bc6 28. Rb1 f5 29. Rb8 Be8 30. Bd3 f4 31. Rb7+ Kd8 32. Be4 fxg3 33. hxg3
Bd7 34. Rb8+ Kc7 35. Rb7+ Kc8 36. Rb1 Kc7 37. Bd5 f5 38. Rb7+ Kd6 39. Rb6+ Bc6
40. Ra6 f4 41. gxf4 exf4 42. Bxc6 Rxc6 43. Rxa5 Rc7 44. Kd4 Ke6 45. a4 Kf6 46.
Rc5 Re7 47. a5 Re2 48. a6 Ra2 49. Rc6+ Kg5 50. f3 Ra3 51. Rb6 h5 52. c5 Kf5 53.
c6 Ke6 54. c7+ Kd7 55. Rc6 Kc8 56. Ke4 h4 57. Kxf4 Ra4+ 58. Ke3 Ra2 59. Kf4
Ra4+ 60. Kg5 h3 61. f4 h2 62. Rh6 1-0

[Event "Abu Dhabi Festival Open"]
[Site "Abu Dhabi UAE"]
[Date "2009.08.18"]
[Round "7"]
[White "Zayed, A."]
[Black "Mohamed, N."]
[Result "1/2-1/2"]
[WhiteElo "1855"]
[BlackElo "2229"]
[PlyCount "40"]
[EventDate "2009.08.12"]
[EventType "swiss"]
[EventRounds "9"]
[EventCountry "UAE"]
[Source "Mark Crowther"]
[SourceDate "2009.08.24"]

1. e4 c5 2. Nf3 d6 3. d4 cxd4 4. Qxd4 Nc6 5. Bb5 Bd7 6. Bxc6 Bxc6 7. Nc3 Nf6 8.
Bg5 e6 9. O-O-O Be7 10. Rhe1 Qc7 11. Bxf6 gxf6 12. Nd5 Bxd5 13. exd5 e5 14. Qe4
Qd7 15. Nh4 O-O-O 16. Nf5 Rdg8 17. g4 h5 18. h3 Bd8 19. Qb4 Bc7 20. f3 Kb8
1/2-1/2

[Event "Abu Dhabi Festival Open"]
[Site "Abu Dhabi UAE"]
[Date "2009.08.18"]
[Round "7"]
[White "Al Tarbosh, W."]
[Black "Jumma, A."]
[Result "1/2-1/2"]
[WhiteElo "2173"]
[BlackElo "1925"]
[PlyCount "52"]
[EventDate "2009.08.12"]
[EventType "swiss"]
[EventRounds "9"]
[EventCountry "UAE"]
[Source "Mark Crowther"]
[SourceDate "2009.08.24"]

1. e4 e6 2. d4 d5 3. Nc3 Nf6 4. exd5 exd5 5. Bg5 Be7 6. Bd3 Nc6 7. Be3 O-O 8.
f3 Nb4 9. Nge2 Nxd3+ 10. Qxd3 c6 11. g4 Re8 12. O-O-O b5 13. Rhe1 a5 14. Ng3
Ba6 15. Qd2 b4 16. Na4 Nd7 17. Nf5 Bf8 18. Nc5 Nxc5 19. dxc5 Qd7 20. Bd4 Rxe1
21. Rxe1 Re8 22. Be3 g6 23. Rg1 Qe6 24. Bh6 Bxc5 25. Nd4 Bxd4 26. Qxd4 Qe5
1/2-1/2

[Event "Abu Dhabi Festival Open"]
[Site "Abu Dhabi UAE"]
[Date "2009.08.19"]
[Round "8"]
[White "Rakhmanov, Ale"]
[Black "Amin, B."]
[Result "1-0"]
[WhiteElo "2559"]
[BlackElo "2551"]
[PlyCount "135"]
[EventDate "2009.08.12"]
[EventType "swiss"]
[EventRounds "9"]
[EventCountry "UAE"]
[Source "Mark Crowther"]
[SourceDate "2009.08.24"]

1. d4 Nf6 2. c4 e6 3. Nc3 Bb4 4. e3 O-O 5. Bd3 d5 6. Nge2 dxc4 7. Bxc4 c5 8.
O-O Nc6 9. a3 Bxc3 10. bxc3 e5 11. a4 exd4 12. cxd4 cxd4 13. Nxd4 Nxd4 14. exd4
Be6 15. Bxe6 fxe6 16. Re1 Qd7 17. Bf4 Rac8 18. Be5 Nd5 19. a5 Qf7 20. Qe2 Rc6
21. h3 h6 22. Ra3 Rc3 23. Rxc3 Nxc3 24. Qd2 Nd5 25. Re4 Qf5 26. Rg4 Rf7 27. Rg3
b5 28. axb6 axb6 29. Kh2 Kh7 30. Qe2 Qb1 31. Qg4 Qf5 32. Qe2 Qb1 33. Qc4 Qf5
34. Qc6 b5 35. Rf3 Qg6 36. Rxf7 Qxf7 37. Qxb5 Qxf2 38. Qd7 Qf8 39. Qxe6 Ne3 40.
Qd7 Nc4 41. Qd5 Nd2 42. Qb7 Kg8 43. Kg1 Qf1+ 44. Kh2 Qf8 45. d5 Nc4 46. Qc7
Nxe5 47. Qxe5 Qf7 48. d6 Kf8 49. Kg3 Qb3+ 50. Kg4 Qd1+ 51. Kf4 Qd2+ 52. Kg3
Qd3+ 53. Kh2 Qd2 54. Qf5+ Ke8 55. Qe6+ Kf8 56. Qf5+ Ke8 57. Qc8+ Kf7 58. Qc7+
Ke6 59. Qe7+ Kd5 60. d7 Qf4+ 61. Kg1 Qc1+ 62. Kf2 Qf4+ 63. Ke2 Qc4+ 64. Kf3
Qd3+ 65. Kf2 Qd2+ 66. Kg3 Qc3+ 67. Kg4 Qd4+ 68. Kh5 1-0

[Event "Abu Dhabi Festival Open"]
[Site "Abu Dhabi UAE"]
[Date "2009.08.19"]
[Round "8"]
[White "Aleksandrov, A."]
[Black "Laxman, R."]
[Result "1-0"]
[WhiteElo "2616"]
[BlackElo "2502"]
[PlyCount "71"]
[EventDate "2009.08.12"]
[EventType "swiss"]
[EventRounds "9"]
[EventCountry "UAE"]
[Source "Mark Crowther"]
[SourceDate "2009.08.24"]

1. d4 Nf6 2. c4 e6 3. Nc3 Bb4 4. e3 c5 5. Nge2 O-O 6. a3 Bxc3+ 7. Nxc3 d6 8.
Be2 Qe7 9. O-O b6 10. b4 Bb7 11. Re1 Ne4 12. Nxe4 Bxe4 13. bxc5 bxc5 14. d5 e5
15. Bg4 Nd7 16. f3 Bg6 17. e4 f5 18. exf5 Bxf5 19. Bxf5 Rxf5 20. Rb1 Rff8 21.
Rb7 Rfb8 22. Qb3 Qe8 23. f4 Qc8 24. Rxb8 Rxb8 25. Qh3 Nb6 26. Qd3 Qg4 27. h3
Qh4 28. Bd2 Rf8 29. Qe2 h6 30. Rf1 Qg3 31. Rf3 Qg6 32. Kh2 exf4 33. Bxf4 Re8
34. Qb2 Kh7 35. Rg3 Qf7 36. Bxd6 1-0

[Event "Abu Dhabi Festival Open"]
[Site "Abu Dhabi UAE"]
[Date "2009.08.19"]
[Round "8"]
[White "Bocharov, D."]
[Black "Pourkashiyan, A."]
[Result "1-0"]
[WhiteElo "2613"]
[BlackElo "2304"]
[PlyCount "155"]
[EventDate "2009.08.12"]
[EventType "swiss"]
[EventRounds "9"]
[EventCountry "UAE"]
[Source "Mark Crowther"]
[SourceDate "2009.08.24"]

1. d4 Nf6 2. c4 e6 3. Nc3 d5 4. Bg5 Be7 5. cxd5 exd5 6. e3 c6 7. Bd3 Nbd7 8.
Qc2 O-O 9. Nf3 Re8 10. h3 Nf8 11. Bf4 Be6 12. O-O Rc8 13. Ne5 N6d7 14. Nf3 Nb6
15. Rab1 a5 16. Nd2 Ra8 17. Nb3 Nc4 18. Nc5 Bxc5 19. dxc5 Ng6 20. Bg3 Qg5 21.
Ne2 Qf6 22. Nd4 Nce5 23. Be2 Ne7 24. Bxe5 Qxe5 25. Bd3 g6 26. b4 Nf5 27. Nxe6
fxe6 28. bxa5 Qc7 29. a6 bxa6 30. Rb6 a5 31. Rfb1 Ra7 32. Qa4 Ne7 33. Ba6 Rea8
34. Bb7 Rb8 35. Bxc6 Nxc6 36. Rxb8+ Nxb8 37. Qe8+ Kg7 38. Rxb8 Qxc5 39. Rc8 Qe7
40. Qg8+ Kh6 41. Re8 Qb4 42. Kh2 Qd6+ 43. g3 e5 44. Re6 Qc7 45. Qf8+ Qg7 46.
Qxg7+ Kxg7 47. Rxe5 Rd7 48. a4 Kf6 49. f4 h6 50. Kg2 g5 51. Kf3 Rd8 52. Ke2 d4
53. Rxa5 dxe3 54. Kxe3 gxf4+ 55. gxf4 Rd1 56. Kf3 Kg6 57. h4 Rf1+ 58. Ke3 Ra1
59. h5+ Kf6 60. Kd4 Rf1 61. Ke4 Re1+ 62. Kd5 Kf5 63. Kc6+ Kxf4 64. Rc5 Ke4 65.
a5 Kd4 66. Rf5 Re6+ 67. Kb5 Ke4 68. Rc5 Kd4 69. Rc4+ Kd3 70. Rc6 Re5+ 71. Rc5
Re1 72. a6 Kd4 73. Rf5 Ra1 74. Kb6 Rb1+ 75. Rb5 Rf1 76. a7 Rf6+ 77. Kb7 Rf7+
78. Ka6 1-0

[Event "Abu Dhabi Festival Open"]
[Site "Abu Dhabi UAE"]
[Date "2009.08.19"]
[Round "8"]
[White "Salem, AR."]
[Black "Ghaem Maghami, E."]
[Result "1/2-1/2"]
[WhiteElo "2469"]
[BlackElo "2589"]
[PlyCount "252"]
[EventDate "2009.08.12"]
[EventType "swiss"]
[EventRounds "9"]
[EventCountry "UAE"]
[Source "Mark Crowther"]
[SourceDate "2009.08.24"]

1. d4 Nf6 2. c4 e6 3. Nf3 Bb4+ 4. Nbd2 b6 5. a3 Bxd2+ 6. Bxd2 Bb7 7. Bg5 d6 8.
e3 Nbd7 9. Qc2 Qe7 10. Rd1 h6 11. Bh4 g5 12. Bg3 Ne4 13. d5 Ndf6 14. Nd4 h5 15.
Bd3 h4 16. Bxe4 hxg3 17. fxg3 exd5 18. Bf3 Qxe3+ 19. Kf1 Kf8 20. Nf5 Qe5 21.
Re1 Ne4 22. cxd5 Qxf5 23. Rxe4 Qf6 24. Qd2 Re8 25. Qd4 Kg7 26. Qxf6+ Kxf6 27.
Rxe8 Rxe8 28. h4 g4 29. Bxg4 Bxd5 30. Bf3 Bb3 31. Kf2 c5 32. g4 Kg7 33. g5 d5
34. h5 d4 35. h6+ Kg6 36. Rh3 Bc2 37. Bc6 Rd8 38. Rg3 Bf5 39. Ke1 Rd6 40. Bb5
Re6+ 41. Kd2 Re5 42. Rf3 Be4 43. Rh3 Kh7 44. Rg3 Bg6 45. Bc4 Rf5 46. Ke1 f6 47.
gxf6 Rxf6 48. Rh3 Bb1 49. b4 Rxh6 50. Rf3 Rg6 51. bxc5 bxc5 52. Rh3+ Kg7 53.
Rb3 Be4 54. Rb5 Rg5 55. g4 Rxg4 56. Rxc5 Rg1+ 57. Kd2 Rg2+ 58. Kd1 Kf6 59. Rc8
Ke5 60. Rd8 Rb2 61. Rd7 Kf4 62. Rxd4 Ke3 63. Rxe4+ Kxe4 64. Kc1 Rf2 65. Kb1 Kd4
66. Be6 Re2 67. Bf7 Re7 68. Bb3 Kc3 69. Bd5 Rd7 70. Be6 Rd1+ 71. Ka2 Rd2+ 72.
Kb1 Kd4 73. Ka1 Rf2 74. Bb3 Kc3 75. Bd5 Re2 76. Bf7 Re3 77. Ka2 Re7 78. Bd5 Re1
79. Bf7 Kd4 80. Kb2 Re2+ 81. Kb1 Kc5 82. Bb3 a5 83. Ka1 Re3 84. Kb2 Kb5 85. Ka2
Re2+ 86. Kb1 Rf2 87. Ka1 Kc5 88. Kb1 Kd4 89. Be6 Rf6 90. Bb3 Kc3 91. Bd5 Rd6
92. Bf7 Rd7 93. Be6 Re7 94. Bd5 Re1+ 95. Ka2 Re3 96. Bf7 Re2+ 97. Ka1 Rb2 98.
Be6 Kc2 99. Bf7 Kc1 100. Be6 Rb6 101. Bd5 a4 102. Bf7 Rb8 103. Be6 Rb7 104. Bd5
Rb6 105. Bf7 Rb2 106. Be6 Rb3 107. Ka2 Re3 108. Bf7 Re7 109. Bd5 Re5 110. Bf7
Re2+ 111. Ka1 Kc2 112. Bd5 Re7 113. Ka2 Kc3 114. Ka1 Re1+ 115. Ka2 Re3 116. Bf7
Re2+ 117. Ka1 Re7 118. Bd5 Rd7 119. Be6 Rb7 120. Bd5 Rd7 121. Be6 Rd6 122. Bf7
Rb6 123. Bd5 Kc2 124. Bf7 Rb3 125. Ka2 Rb6 126. Ka1 Rg6 1/2-1/2

[Event "Abu Dhabi Festival Open"]
[Site "Abu Dhabi UAE"]
[Date "2009.08.19"]
[Round "8"]
[White "Zdebskaja, N."]
[Black "Filippov, An UZB"]
[Result "0-1"]
[WhiteElo "2412"]
[BlackElo "2583"]
[PlyCount "68"]
[EventDate "2009.08.12"]
[EventType "swiss"]
[EventRounds "9"]
[EventCountry "UAE"]
[Source "Mark Crowther"]
[SourceDate "2009.08.24"]

1. e4 e5 2. Nf3 Nc6 3. Bb5 a6 4. Ba4 Nf6 5. d4 exd4 6. O-O Be7 7. Re1 O-O 8. e5
Ne8 9. Bf4 b5 10. Bb3 d5 11. c3 Na5 12. cxd4 Nxb3 13. Qxb3 Rb8 14. Nbd2 Rb6 15.
Qe3 h6 16. Nb3 g5 17. Bg3 h5 18. h3 Ng7 19. Bh2 g4 20. hxg4 hxg4 21. Nfd2 Nf5
22. Qe2 Rg6 23. Nf1 Kg7 24. Rac1 Be6 25. Qc2 Rh8 26. Qxc7 Qg8 27. Ng3 Qh7 28.
Nxf5+ Bxf5 29. e6 g3 30. Qe5+ Bf6 31. Qxf5 Qxh2+ 32. Kf1 gxf2 33. Qxf2 Bh4 34.
Qxf7+ Kh6 0-1

[Event "Abu Dhabi Festival Open"]
[Site "Abu Dhabi UAE"]
[Date "2009.08.19"]
[Round "8"]
[White "Kengis, E."]
[Black "Galojan, L."]
[Result "1/2-1/2"]
[WhiteElo "2543"]
[BlackElo "2338"]
[PlyCount "56"]
[EventDate "2009.08.12"]
[EventType "swiss"]
[EventRounds "9"]
[EventCountry "UAE"]
[Source "Mark Crowther"]
[SourceDate "2009.08.24"]

1. d4 Nf6 2. c4 e6 3. Nf3 b6 4. g3 Ba6 5. Qc2 Bb7 6. Bg2 c5 7. d5 exd5 8. cxd5
Nxd5 9. O-O Be7 10. Rd1 Qc8 11. a3 d6 12. Nd4 Nf6 13. Qa4+ Kf8 14. Bxb7 Qxb7
15. Nf5 Qe4 16. Qxe4 Nxe4 17. f3 Nf6 18. Nc3 Nc6 19. Bf4 Rd8 20. e4 Rg8 21. Kf2
g5 22. Bxd6 Bxd6 23. Nxd6 Kg7 24. b4 Nd4 25. bxc5 bxc5 26. Nc4 Rd7 27. e5 Nd5
28. Ne4 Rc8 1/2-1/2

[Event "Abu Dhabi Festival Open"]
[Site "Abu Dhabi UAE"]
[Date "2009.08.19"]
[Round "8"]
[White "Antonio, V."]
[Black "Melkumyan, H."]
[Result "0-1"]
[WhiteElo "2107"]
[BlackElo "2530"]
[PlyCount "136"]
[EventDate "2009.08.12"]
[EventType "swiss"]
[EventRounds "9"]
[EventCountry "UAE"]
[Source "Mark Crowther"]
[SourceDate "2009.08.24"]

1. e4 e5 2. Nf3 Nc6 3. Bc4 Nf6 4. d3 h6 5. O-O d6 6. c3 Be7 7. Bb3 O-O 8. Nbd2
Nh7 9. Nc4 Ng5 10. Nxg5 Bxg5 11. f4 exf4 12. Bxf4 Bxf4 13. Rxf4 Qg5 14. Qf1 Be6
15. d4 Ne7 16. Re1 Ng6 17. Rf3 Rae8 18. Rg3 Qh4 19. e5 dxe5 20. Nxe5 Nxe5 21.
dxe5 Bxb3 22. axb3 Re6 23. Qf3 Qe7 24. Qxb7 Qc5+ 25. Rge3 Rxe5 26. b4 Rxe3 27.
bxc5 Rxe1+ 28. Kf2 Rfe8 29. h3 R8e7 30. b4 R1e3 31. b5 Kh7 32. Qxa7 c6 33. Qa5
cxb5 34. c6 R3e6 35. Qb6 Rf6+ 36. Kg3 Ree6 37. Qxb5 Rxc6 38. Qd3+ g6 39. Qd4
Rf5 40. h4 h5 41. Kh2 Rfc5 42. Qd7 Rc7 43. Qd8 Rxc3 44. Qb8 Rc2 45. Qd8 Ra7 46.
Qf6 Rc5 47. Qf2 Rac7 48. Qf4 Rd7 49. Qa4 Rdd5 50. Qf4 Rf5 51. Qd4 Rc2 52. Qd3
Rff2 53. Kh3 Rce2 54. Qd4 Rf5 55. Qd3 Ref2 56. Qe3 R2f4 57. Qe7 Rg4 58. Qe8 Rf1
59. g3 Rf3 60. Kh2 Rgxg3 61. Qe4 Ra3 62. Qc4 Rgf3 63. Kg2 Rf5 64. Kh2 Raf3 65.
Qe4 R5f4 66. Qe7 Rg4 67. Qd8 Rf2+ 68. Kh3 Rgf4 0-1

[Event "Abu Dhabi Festival Open"]
[Site "Abu Dhabi UAE"]
[Date "2009.08.19"]
[Round "8"]
[White "Adu, O."]
[Black "Simonian, H."]
[Result "0-1"]
[WhiteElo "2276"]
[BlackElo "2520"]
[PlyCount "82"]
[EventDate "2009.08.12"]
[EventType "swiss"]
[EventRounds "9"]
[EventCountry "UAE"]
[Source "Mark Crowther"]
[SourceDate "2009.08.24"]

1. e4 c5 2. Nf3 e6 3. d4 cxd4 4. Nxd4 a6 5. Bd3 Bc5 6. Nb3 Be7 7. f4 d6 8. Qf3
Nc6 9. Nc3 b5 10. O-O Bb7 11. Be3 Qc7 12. a4 b4 13. Ne2 Nf6 14. a5 h5 15. h3 g6
16. Bb6 Qc8 17. Qf2 h4 18. Ned4 Nd7 19. Nxc6 Qxc6 20. Bd4 Rh5 21. Be2 Rh7 22.
Bd3 Rh5 23. Be2 Rh7 24. Bd3 Nc5 25. Nxc5 dxc5 26. Be3 O-O-O 27. Qe2 f5 28. e5
Kb8 29. Bc4 g5 30. fxg5 Rg7 31. Rad1 Bxg5 32. Bxg5 Rxd1 33. Rxd1 Rxg5 34. Rd2
f4 35. Qf2 Rg3 36. Bf1 f3 37. Rd6 Qc7 38. Rxe6 fxg2 39. Bd3 Qxa5 40. Re8+ Ka7
41. Qe1 Rxh3 0-1

[Event "Abu Dhabi Festival Open"]
[Site "Abu Dhabi UAE"]
[Date "2009.08.19"]
[Round "8"]
[White "El Gindy, E."]
[Black "Sanal, V."]
[Result "1-0"]
[WhiteElo "2501"]
[BlackElo "1976"]
[PlyCount "87"]
[EventDate "2009.08.12"]
[EventType "swiss"]
[EventRounds "9"]
[EventCountry "UAE"]
[Source "Mark Crowther"]
[SourceDate "2009.08.24"]

1. d4 Nf6 2. c4 g6 3. Nf3 Bg7 4. g3 O-O 5. Bg2 d6 6. O-O Nbd7 7. d5 e5 8. dxe6
fxe6 9. Nc3 Nc5 10. Bg5 a5 11. Nd2 h6 12. Be3 Na6 13. Nde4 Ng4 14. Bc1 Ne5 15.
b3 a4 16. Rb1 axb3 17. axb3 Nb4 18. Qd2 d5 19. Rd1 Nec6 20. cxd5 exd5 21. Nxd5
Nxd5 22. Qxd5+ Qxd5 23. Rxd5 Nd4 24. Bb2 Nxe2+ 25. Kf1 Ra2 26. Bxg7 Kxg7 27.
Rd2 Rxd2 28. Nxd2 Nc3 29. Re1 c6 30. Nc4 Rd8 31. Na5 Kf6 32. h4 Rd1 33. Rxd1
Nxd1 34. Ke2 Nc3+ 35. Kd3 Nd1 36. f3 g5 37. hxg5+ hxg5 38. Kd2 Nf2 39. Ke2 Nh3
40. Bxh3 Bxh3 41. g4 Ke5 42. Nxb7 Ke6 43. Nd8+ Ke7 44. Nxc6+ 1-0

[Event "Abu Dhabi Festival Open"]
[Site "Abu Dhabi UAE"]
[Date "2009.08.19"]
[Round "8"]
[White "Sturua, Z."]
[Black "Modallal, T."]
[Result "1-0"]
[WhiteElo "2513"]
[BlackElo "2119"]
[PlyCount "23"]
[EventDate "2009.08.12"]
[EventType "swiss"]
[EventRounds "9"]
[EventCountry "UAE"]
[Source "Mark Crowther"]
[SourceDate "2009.08.24"]

1. Nf3 Nf6 2. c4 e6 3. Nc3 b6 4. e4 Bb4 5. e5 Bxc3 6. bxc3 Ng8 7. d4 Ba6 8. Bd3
Ne7 9. Ng5 Ng6 10. Qf3 f6 11. Nxh7 f5 12. Qh5 1-0

[Event "Abu Dhabi Festival Open"]
[Site "Abu Dhabi UAE"]
[Date "2009.08.19"]
[Round "8"]
[White "Illijin, N."]
[Black "Zayed, A."]
[Result "1/2-1/2"]
[WhiteElo "2246"]
[BlackElo "1855"]
[PlyCount "41"]
[EventDate "2009.08.12"]
[EventType "swiss"]
[EventRounds "9"]
[EventCountry "UAE"]
[Source "Mark Crowther"]
[SourceDate "2009.08.24"]

1. e4 e5 2. Nf3 Nf6 3. Nxe5 d6 4. Nf3 Nxe4 5. d4 d5 6. Bd3 Bd6 7. O-O O-O 8. c4
c6 9. Nc3 Nxc3 10. bxc3 dxc4 11. Bxc4 Bg4 12. Qd3 Nd7 13. a4 Qc7 14. Ba3 Bxa3
15. Rxa3 Qd6 16. Raa1 Qf6 17. Nd2 Rfe8 18. Rfe1 Nb6 19. Bb3 Nd5 20. Bc2 Qg6 21.
Ne4 1/2-1/2

[Event "Abu Dhabi Festival Open"]
[Site "Abu Dhabi UAE"]
[Date "2009.08.19"]
[Round "8"]
[White "Mohamed, N."]
[Black "Choukri, A."]
[Result "1/2-1/2"]
[WhiteElo "2229"]
[BlackElo "2105"]
[PlyCount "62"]
[EventDate "2009.08.12"]
[EventType "swiss"]
[EventRounds "9"]
[EventCountry "UAE"]
[Source "Mark Crowther"]
[SourceDate "2009.08.24"]

1. d4 Nf6 2. c4 e6 3. Nc3 Bb4 4. e3 O-O 5. Bd3 d5 6. Nf3 c5 7. O-O dxc4 8. Bxc4
Nbd7 9. Qe2 b6 10. Rd1 Bxc3 11. bxc3 Qc7 12. e4 Bb7 13. Bd3 Qc6 14. Re1 g6 15.
Bg5 a6 16. Qe3 c4 17. Bc2 Qc7 18. Bxf6 Nxf6 19. Qh6 Ng4 20. Qh4 h5 21. h3 Nh6
22. Ne5 Kg7 23. Qg5 b5 24. Re3 Qd8 25. Qg3 h4 26. Qf4 g5 27. Qf3 f6 28. Ng4 Ng8
29. Qe2 Qc7 30. Nh2 Ne7 31. Qg4 Ng6 1/2-1/2

[Event "Abu Dhabi Festival Open"]
[Site "Abu Dhabi UAE"]
[Date "2009.08.19"]
[Round "8"]
[White "Jumma, A."]
[Black "Saeed, I."]
[Result "0-1"]
[WhiteElo "1925"]
[BlackElo "2188"]
[PlyCount "84"]
[EventDate "2009.08.12"]
[EventType "swiss"]
[EventRounds "9"]
[EventCountry "UAE"]
[Source "Mark Crowther"]
[SourceDate "2009.08.24"]

1. e4 e5 2. Nf3 Nc6 3. Bb5 a6 4. Ba4 Nf6 5. d3 d6 6. c3 Be7 7. O-O O-O 8. h3 b5
9. Bc2 d5 10. d4 exd4 11. e5 Ne4 12. cxd4 Nb4 13. Bb3 c5 14. a3 Nc6 15. dxc5
Be6 16. Bc2 Nxc5 17. b4 Nd7 18. Bb2 Nb6 19. Nbd2 Qc7 20. Rc1 Nc4 21. Nxc4 dxc4
22. Be4 Rad8 23. Qc2 g6 24. Rfe1 a5 25. bxa5 b4 26. axb4 Nxb4 27. Qb1 Qxa5 28.
Bc3 Rb8 29. Nd4 Qc5 30. Nxe6 fxe6 31. Qa1 Qxf2+ 32. Kh1 Nd3 33. Rf1 Qb6 34. Bd4
Rxf1+ 35. Rxf1 Bc5 36. Bxc5 Qxc5 37. Qa6 Nf2+ 38. Rxf2 Qxf2 39. Qxe6+ Kh8 40.
Qxc4 Rd8 41. Kh2 Qf4+ 42. g3 Qf2+ 0-1

[Event "Abu Dhabi Festival Open"]
[Site "Abu Dhabi UAE"]
[Date "2009.08.19"]
[Round "8"]
[White "Ayyad, H."]
[Black "Al Tarbosh, W."]
[Result "0-1"]
[WhiteElo "2111"]
[BlackElo "2173"]
[PlyCount "71"]
[EventDate "2009.08.12"]
[EventType "swiss"]
[EventRounds "9"]
[EventCountry "UAE"]
[Source "Mark Crowther"]
[SourceDate "2009.08.24"]

1. e4 e6 2. d4 d5 3. exd5 exd5 4. Nf3 Bg4 5. Bd3 Bd6 6. O-O Nd7 7. Re1+ Ne7 8.
c3 c6 9. Nbd2 Qc7 10. Qc2 f6 11. h3 Bh5 12. c4 dxc4 13. Qxc4 O-O-O 14. b4 g5
15. b5 Kb8 16. Bb2 Bxf3 17. Nxf3 h5 18. bxc6 Nxc6 19. Bf5 g4 20. hxg4 hxg4 21.
Bxg4 Rdg8 22. Qe6 Nb6 23. Re4 Qh7 24. Kf1 Bc7 25. Rae1 Nb4 26. Qb3 N4d5 27. Be6
Rd8 28. g3 Qg7 29. Rg4 Qh7 30. Nh4 Rhe8 31. Kg2 Qh6 32. Nf5 Qd2 33. Rge4 Rh8
34. Bc1 Qa5 35. Bh6 Rh7 36. R1e2 0-1